000 01106nam a22003137a 4500
001 BR7100566
003 BR-BrBNA
005 20230928083702.0
007 ta
008 230509b bl.||||| |||| 00| 0 por d
040 _aBR-BrBNA
_bpor
_cBiblioteca Nacional de Agricultura
041 _a(Por)
072 _aE30; E50; D10
_b/G514
090 _ E30 BR7100566
110 1 _aServico Federal de Habitacao e Urbanismo, Rio de Janeiro, GB (Brasil)
_99342
245 1 _aRelatorio preliminar de desenvolvimento integrado. Municipio de Paulo Afonso, Bahia [Desenvolvimento social; Administracao publica; Desenvolvimento economico; Brasil]
260 3 _aRio de Janeiro, GB (Brasil):
_c1971.
300 _a146 p.
500 _a40 tables; 21 ref.; 6 Maps, scale 1:25.000, 6 Maps, scale 1:20.000
650 _aPolitica de desenvolvimento
650 _aSociologia rural
650 _aAdministracao publica
650 _aProjeto de desenvolvimento
650 _aDesenvolvimento social
650 _aDesenvolvimento economico
650 _aBahia
909 _a202309
_bLucia
_c55
_dLucia Elande
942 _cBK
999 _c14779
_d14779